<?xml version="1.0" encoding="UTF-8"?>
<record
    xmlns:xsi="http://www.w3.org/2001/XMLSchema-instance"
    xsi:schemaLocation="http://www.loc.gov/MARC21/slim http://www.loc.gov/standards/marcxml/schema/MARC21slim.xsd"
    xmlns="http://www.loc.gov/MARC21/slim">

  <leader>00721nam a22001337a 4500</leader>
  <datafield tag="040" ind1=" " ind2=" ">
    <subfield code="c">RUA</subfield>
  </datafield>
  <datafield tag="082" ind1=" " ind2=" ">
    <subfield code="a">AGR THY B535 2015 Or.</subfield>
  </datafield>
  <datafield tag="100" ind1=" " ind2=" ">
    <subfield code="a">THY VICHEKA; &#x1792;&#x17B8; &#x179C;&#x17B7;&#x1785;&#x17D2;&#x1786;&#x17B7;&#x1780;&#x17B6;</subfield>
  </datafield>
  <datafield tag="245" ind1=" " ind2=" ">
    <subfield code="a">Effect of irrigation frequencies and nitrogen rates on rice growth and yield in prateah lang soil; &#x1794;&#x17D2;&#x179A;&#x179F;&#x17B7;&#x1791;&#x17D2;&#x1792;&#x1797;&#x17B6;&#x1796;&#x1793;&#x17C3;&#x179A;&#x1794;&#x1794;&#x1791;&#x17BA;&#x1780;&#x179F;&#x17D2;&#x179A;&#x17C4;&#x1785;&#x179F;&#x17D2;&#x179A;&#x1796;&#x1795;&#x17D2;&#x179F;&#x17C1;&#x1784;&#x17D7;&#x1782;&#x17D2;&#x1793;&#x17B6; &#x1793;&#x17B7;&#x1784;&#x1780;&#x1798;&#x17D2;&#x179A;&#x17B7;&#x178F;&#x17A2;&#x17B6;&#x179F;&#x17BC;&#x178F;&#x1791;&#x17C5;&#x179B;&#x17BE;&#x1780;&#x17B6;&#x179A;&#x178A;&#x17BB;&#x17C7;&#x179B;&#x17BC;&#x178F;&#x179B;&#x17B6;&#x179F;&#x17CB; &#x1793;&#x17B7;&#x1784;&#x1791;&#x17B7;&#x1793;&#x17D2;&#x1793;&#x1795;&#x179B;&#x179F;&#x17D2;&#x179A;&#x17BC;&#x179C;&#x179B;&#x17BE;&#x1780;&#x17D2;&#x179A;&#x17BB;&#x1798;&#x178A;&#x17B8;&#x1794;&#x17D2;&#x179A;&#x1791;&#x17C7;&#x17A1;&#x17B6;&#x1784;</subfield>
  </datafield>
  <datafield tag="260" ind1=" " ind2=" ">
    <subfield code="a">RUA</subfield>
    <subfield code="b">Phnom Penh</subfield>
    <subfield code="c">2015</subfield>
  </datafield>
  <datafield tag="300" ind1=" " ind2=" ">
    <subfield code="a">xii ; 41p.</subfield>
    <subfield code="b">ill.</subfield>
    <subfield code="c">29cm.</subfield>
  </datafield>
  <datafield tag="856" ind1=" " ind2=" ">
    <subfield code="u">THY VICHEKA</subfield>
  </datafield>
  <datafield tag="942" ind1=" " ind2=" ">
    <subfield code="c">AGR</subfield>
  </datafield>
  <datafield tag="999" ind1=" " ind2=" ">
    <subfield code="c">10989</subfield>
    <subfield code="d">10989</subfield>
  </datafield>
  <datafield tag="952" ind1=" " ind2=" ">
    <subfield code="0">0</subfield>
    <subfield code="1">0</subfield>
    <subfield code="2">ddc</subfield>
    <subfield code="4">0</subfield>
    <subfield code="6">AGR_THY_B535_2015_000000000000000_OR_1</subfield>
    <subfield code="7">0</subfield>
    <subfield code="9">58042</subfield>
    <subfield code="a">LBB</subfield>
    <subfield code="b">LBB</subfield>
    <subfield code="c">B535</subfield>
    <subfield code="d">2016-11-28</subfield>
    <subfield code="o">AGR THY B535 2015 Or.1</subfield>
    <subfield code="p">A04026</subfield>
    <subfield code="r">2016-11-28</subfield>
    <subfield code="w">2016-11-28</subfield>
    <subfield code="y">AGR</subfield>
  </datafield>
  <datafield tag="952" ind1=" " ind2=" ">
    <subfield code="0">0</subfield>
    <subfield code="1">0</subfield>
    <subfield code="2">ddc</subfield>
    <subfield code="4">0</subfield>
    <subfield code="6">AGR_THY_B535_2015_000000000000000_OR_2</subfield>
    <subfield code="7">0</subfield>
    <subfield code="9">58043</subfield>
    <subfield code="a">LBB</subfield>
    <subfield code="b">LBB</subfield>
    <subfield code="c">B535</subfield>
    <subfield code="d">2016-11-28</subfield>
    <subfield code="o">AGR THY B535 2015 Or.2</subfield>
    <subfield code="p">A03646</subfield>
    <subfield code="r">2016-11-28</subfield>
    <subfield code="w">2016-11-28</subfield>
    <subfield code="y">AGR</subfield>
  </datafield>
  <datafield tag="952" ind1=" " ind2=" ">
    <subfield code="0">0</subfield>
    <subfield code="1">0</subfield>
    <subfield code="2">ddc</subfield>
    <subfield code="4">0</subfield>
    <subfield code="6">AGR_THY_B535_2015_000000000000000_OR_3</subfield>
    <subfield code="7">0</subfield>
    <subfield code="9">58044</subfield>
    <subfield code="a">LBB</subfield>
    <subfield code="b">LBB</subfield>
    <subfield code="c">B535</subfield>
    <subfield code="d">2016-11-28</subfield>
    <subfield code="o">AGR THY B535 2015 Or.3</subfield>
    <subfield code="p">A03651</subfield>
    <subfield code="r">2016-11-28</subfield>
    <subfield code="w">2016-11-28</subfield>
    <subfield code="y">AGR</subfield>
  </datafield>
  <datafield tag="952" ind1=" " ind2=" ">
    <subfield code="0">0</subfield>
    <subfield code="1">0</subfield>
    <subfield code="2">ddc</subfield>
    <subfield code="4">0</subfield>
    <subfield code="6">AGR_THY_B535_2015_000000000000000_OR_4</subfield>
    <subfield code="7">0</subfield>
    <subfield code="9">58045</subfield>
    <subfield code="a">LBB</subfield>
    <subfield code="b">LBB</subfield>
    <subfield code="c">B535</subfield>
    <subfield code="d">2016-11-28</subfield>
    <subfield code="o">AGR THY B535 2015 Or.4</subfield>
    <subfield code="r">2016-11-28</subfield>
    <subfield code="w">2016-11-28</subfield>
    <subfield code="y">AGR</subfield>
  </datafield>
  <datafield tag="952" ind1=" " ind2=" ">
    <subfield code="0">0</subfield>
    <subfield code="1">0</subfield>
    <subfield code="2">ddc</subfield>
    <subfield code="4">0</subfield>
    <subfield code="6">AGR_THY_B535_2015_000000000000000_OR_5</subfield>
    <subfield code="7">0</subfield>
    <subfield code="9">58046</subfield>
    <subfield code="a">LBB</subfield>
    <subfield code="b">LBB</subfield>
    <subfield code="c">B535</subfield>
    <subfield code="d">2016-11-28</subfield>
    <subfield code="l">2</subfield>
    <subfield code="o">AGR THY B535 2015 Or.5</subfield>
    <subfield code="p">A04011</subfield>
    <subfield code="r">2017-08-14</subfield>
    <subfield code="s">2017-02-10</subfield>
    <subfield code="w">2016-11-28</subfield>
    <subfield code="y">AGR</subfield>
  </datafield>
  <datafield tag="952" ind1=" " ind2=" ">
    <subfield code="0">0</subfield>
    <subfield code="1">0</subfield>
    <subfield code="2">ddc</subfield>
    <subfield code="4">0</subfield>
    <subfield code="6">AGR_THY_B535_2015_000000000000000_OR_6</subfield>
    <subfield code="7">0</subfield>
    <subfield code="9">58047</subfield>
    <subfield code="a">LBB</subfield>
    <subfield code="b">LBB</subfield>
    <subfield code="c">B535</subfield>
    <subfield code="d">2016-11-28</subfield>
    <subfield code="l">1</subfield>
    <subfield code="o">AGR THY B535 2015 Or.6</subfield>
    <subfield code="p">A03786</subfield>
    <subfield code="r">2024-05-29</subfield>
    <subfield code="s">2024-05-21</subfield>
    <subfield code="w">2016-11-28</subfield>
    <subfield code="y">AGR</subfield>
  </datafield>
  <datafield tag="952" ind1=" " ind2=" ">
    <subfield code="0">0</subfield>
    <subfield code="1">0</subfield>
    <subfield code="2">ddc</subfield>
    <subfield code="4">0</subfield>
    <subfield code="6">AGR_THY_B535_2015_000000000000000_OR_7</subfield>
    <subfield code="7">0</subfield>
    <subfield code="9">58048</subfield>
    <subfield code="a">LBB</subfield>
    <subfield code="b">LBB</subfield>
    <subfield code="c">B535</subfield>
    <subfield code="d">2016-11-28</subfield>
    <subfield code="o">AGR THY B535 2015 Or.7</subfield>
    <subfield code="p">A04006</subfield>
    <subfield code="r">2016-11-28</subfield>
    <subfield code="w">2016-11-28</subfield>
    <subfield code="y">AGR</subfield>
  </datafield>
</record>
